Finistère - mort subite - Statistiques

Statistiques générales
  • Ce quiz a été pris 52 fois
    38 depuis la dernière actualisation
  • Le résultat moyen est 9 sur 18
Answers on the Grid
Answers color-coded by a green-red scale on the quiz's grid according to % correct below.
Nashik
Callao
eThekwini
Tongi
Balikpapan
Sheikhupura
Leskovac
Pont-Aven
Carnac
Quiberon
L'île d'Ouessant
Ménez-Hom
Kecskemét
Scaër
Quimper
Brest
Le Relecq-Kerhuon
Pogradec
Bacolod
Penmarch
Roscoff
Challans
Pleyber-Christ
Coat-Méal
Aber Wrac'h
Wladfa
Baýramaly
Le plus vieux monument d’Europe
Concarneau
Zrenjanin
Gebze
Île de Batz
Marcq-en-Barœul
Lagatjar
La capitale française du trafic de la drogue
Loch Brout
 
Statistiques - réponses
Réponse % Correct
Brest
74%
Concarneau
74%
Quimper
74%
Pont-Aven
70%
Penmarch
67%
Roscoff
67%
Île de Batz
59%
Le Relecq-Kerhuon
56%
L'île d'Ouessant
56%
Village et fleuve Aber Wrac'h
48%
Montagne Ménez-Hom
48%
Finistère Pleyber-Christ
48%
Scaër
44%
Coat-Méal
41%
Localité Loch Brout
22%
Le cairn de Barnenez, entre 5010 et 4400 av. notre ère (aussi le plus grand mausolée mégalithique d'Europe) Le plus vieux monument d’Europe
15%
Site d'alignements mégalithiques Lagatjar
4%
Pakistan Sheikhupura
4%
Aucun quiz correspondant
Distribution des résultats
% des personnes avec chaque résultat
Percentile par nombre de réponses
Votre historique - résultats
Vous n’avez pas pris ce quiz depuis la dernière actualisation